Blue & White Flags - Sudden Death - Statistics

General Stats
  • This quiz has been taken 23 times
  • The average score is 5 of 6
Answers on the Grid
Answers color-coded by a green-red scale on the quiz's grid according to % correct below.
F. S. Micronesia
Finland
Greece
Honduras
Israel
Kosovo
Russia
San Marino
Somalia
Sweden
United Kingdom
United States
 
Answer Stats
Answer % Correct
Finland
100%
Greece
93%
Israel
86%
Honduras
79%
Somalia
57%
F. S. Micronesia
50%
No matching quizzes found
Score Distribution
Percent of People with Each Score
Percentile by Number Answered
Your Score History
You have not taken this quiz